000 01595nam a2200217Ia 4500
003 Ost
005 20260507075059.0
008 260507s9999||||xx |||||||||||||| ||und||
040 _cfsecg
041 _aara
082 _a658.834
100 _aالشرنباصي، رمضان علي السيد
_eمؤلف
245 0 _aحماية المستهلك في الفقه الإسلامي :
_bدراسة مقارنة /
_c رمضان علي السيد الشرنباصي
260 _aالإسكندرية:
_bالدار الجامعة الجديدة,
_c2004
300 _a268 صفحة؛
_c25 سم
490 _aالمكتبة القانونية
520 _aتوفير السلع ومراقبة الأسعار في التشريع الاسلامي،في وسائل زيادة الإنتاج في الفقه الاسلامي،في الإحتكار(تعريفه)،مراقبة الأعمال التجارية في الفقه الاسلامي،حماية المستهلك من الغبن والتغرير،البيع والغبن،في التغرير،عقود حرمها الشارع لحماية المستهلك،الربا،البيع بالمزاد والنجش،في البيع بالعينة والعربون،البيوع المنهى عنها للفرد،ما يجب على التاجر والمستهلك مراعاته،المستهلك بين مفترق الطرق.
653 _aالاستهلاك
653 _aحماية المستهلك
942 _cكتاب
999 _c42772
_d42772